000 00536nam a2200217 a 4500
001 0001-2007
003 ELIB.Books
008 190611 2010 eng
020 _aKBTS
092 _a248
_bRYL
100 _aRyle, J,C.
245 _aA New Birth
260 _aGrand Rapids, Michigan
_bBaker Book House
_c1977
300 _a322
_c18 Cm
650 _aChristian Life
856 _nKBTS Library
_uKBTS Elib
942 _2ddc
_cBK
990 _a1
998 _aEnglishbooks.elf
_ccat
_e2019-06-11
999 _c12007
_d12007